[Event "Tallinn Leito Memorial"]
[Site "Tallinn"]
[Date "2023.02.04"]
[Round "5"]
[White "Kanep, Meelis"]
[Black "Pedoson, Georg Aleksander"]
[Result "1/2-1/2"]
[WhiteElo "2405"]
[BlackElo "2253"]
[PlyCount "107"]
[EventDate "2023.02.04"]
[EventType "swiss (rapid)"]
[EventRounds "9"]
[EventCountry "EST"]
[SourceTitle "CBM 212 Extra"]
[Source "ChessBase"]
[SourceDate "2023.03.31"]
[SourceVersion "1"]
[SourceVersionDate "2023.03.31"]
[SourceQuality "1"]

1. d4 Nf6 2. Bg5 e6 3. e4 h6 4. Bxf6 Qxf6 5. c3 d6 6. Bd3 g6 7. Ne2 Bg7 8. 0-0 Qe7 9. f4 0-0 10. Nd2 Nd7 11. Kh1 f5 12. Qb3 Kh7 13. Rae1 Nf6 14. Ng3 Qf7 15. Nf3 a5 16. Qc2 Bd7 17. c4 fxe4 18. Nxe4 Nxe4 19. Bxe4 Bc6 20. g3 Rae8 21. h4 Bxe4 22. Qxe4 Qf5 23. Kg2 Qxe4 24. Rxe4 d5 25. cxd5 exd5 26. Rxe8 Rxe8 27. Ne5 Bxe5 28. fxe5 Kg7 29. Rc1 c6 30. Rc5 Ra8 31. Kf3 Kf7 32. Ke3 Ke6 33. Rc2 Rf8 34. Ke2 Rf5 35. Rc5 g5 36. hxg5 Rxg5 37. Kf3 Rh5 38. Rxa5 Rh2 39. b3 Rd2 40. Ke3 Rg2 41. Kf3 Rd2 42. Ra7 Rxd4 43. Rxb7 Kxe5 44. a4 Rd3+ 45. Kg4 c5 46. a5 c4 47. a6 Rxb3 48. Rxb3 cxb3 49. a7 b2 50. a8Q b1Q 51. Qh8+ Kd6 52. Qxh6+ Kc5 53. Qf8+ Kd4 54. Qf6+ 1/2-1/2

[Event "Viljandi Raud Memorial 55th"]
[Site "Viljandi"]
[Date "2021.07.10"]
[Round "8"]
[White "Pedoson, Georg Aleksander"]
[Black "Miezis, Normunds"]
[Result "1/2-1/2"]
[WhiteElo "2166"]
[BlackElo "2472"]
[PlyCount "55"]
[EventDate "2021.07.04"]
[EventType "swiss"]
[EventRounds "9"]
[EventCountry "EST"]
[SourceTitle "CBM 203 Extra"]
[Source "ChessBase"]
[SourceDate "2021.09.30"]
[SourceVersion "1"]
[SourceVersionDate "2021.09.30"]
[SourceQuality "1"]

1. d4 Nf6 2. c4 e6 3. Nc3 Bb4 4. e3 0-0 5. Bd3 d5 6. Nf3 b6 7. 0-0 Bb7 8. a3 Be7 9. b4 c5 10. bxc5 bxc5 11. Rb1 Qc8 12. cxd5 exd5 13. dxc5 Bxc5 14. Na4 Bd6 15. Bb2 Nbd7 16. Qe2 Rb8 17. Bd4 Bc6 18. Nc3 a5 19. a4 Qd8 20. Nb5 Bxb5 21. Bxb5 Ne4 22. Rfd1 Ndf6 23. h3 Qe7 24. Rbc1 Rfc8 25. Qd3 Rc7 26. Rc2 Rbc8 27. Rdc1 g6 28. Bb6 1/2-1/2

[Event "Viljandi Raud Memorial 55th"]
[Site "Viljandi"]
[Date "2021.07.09"]
[Round "7"]
[White "Pedoson, Georg Aleksander"]
[Black "Timoshin, Andrei"]
[Result "1-0"]
[WhiteElo "2166"]
[BlackElo "2118"]
[PlyCount "71"]
[EventDate "2021.07.04"]
[EventType "swiss"]
[EventRounds "9"]
[EventCountry "EST"]
[SourceTitle "CBM 203 Extra"]
[Source "ChessBase"]
[SourceDate "2021.09.30"]
[SourceVersion "1"]
[SourceVersionDate "2021.09.30"]
[SourceQuality "1"]

1. Nf3 d5 2. g3 g6 3. Bg2 Bg7 4. 0-0 e5 5. d3 Ne7 6. e4 Nbc6 7. c3 a5 8. a4 0-0 9. Na3 h6 10. Nb5 Be6 11. Be3 Re8 12. d4 dxe4 13. Nxe5 f5 14. f4 exf3 15. Nxf3 Nd5 16. Bd2 Bf7 17. Qc1 Kh7 18. Rf2 Rc8 19. g4 Nce7 20. Nh4 c6 21. Na3 Be6 22. Qc2 Bf6 23. Re2 Bf7 24. Nf3 fxg4 25. Ne5 Be6 26. Rf1 Bf5 27. Qb3 Kg7 28. Nac4 Rb8 29. Bxh6+ Kh7 30. Bg5 Ng8 31. Bxf6 Ngxf6 32. Ne3 Rxe5 33. dxe5 Bd3 34. Rxf6 Bxe2 35. Nxd5 cxd5 36. Qc2 1-0

[Event "Viljandi Raud Memorial 55th"]
[Site "Viljandi"]
[Date "2021.07.06"]
[Round "4"]
[White "Laurusas, Tomas"]
[Black "Pedoson, Georg Aleksander"]
[Result "1-0"]
[WhiteElo "2518"]
[BlackElo "2166"]
[PlyCount "77"]
[EventDate "2021.07.04"]
[EventType "swiss"]
[EventRounds "9"]
[EventCountry "EST"]
[SourceTitle "CBM 203 Extra"]
[Source "ChessBase"]
[SourceDate "2021.09.30"]
[SourceVersion "1"]
[SourceVersionDate "2021.09.30"]
[SourceQuality "1"]

1. d4 Nf6 2. c4 g6 3. Nc3 d5 4. cxd5 Nxd5 5. e4 Nxc3 6. bxc3 c5 7. Nf3 Bg7 8. Be3 0-0 9. Be2 Qc7 10. 0-0 Rd8 11. h3 Nc6 12. Rc1 Na5 13. Qd2 a6 14. Bf4 e5 15. Bg3 Qe7 16. Rfd1 Nc6 17. d5 f6 18. Qb2 Nb8 19. a4 Bh6 20. Rb1 Rd6 21. a5 Nd7 22. Qa3 Rb8 23. Nd2 b5 24. axb6 Bxd2 25. Rxd2 Rdxb6 26. Rxb6 Rxb6 27. Bg4 Kg7 28. Qa5 Qd6 29. Rd1 Kf7 30. f3 Ke7 31. Bf2 Rb5 32. Qa2 Nb6 33. c4 Rb4 34. Bxc8 Nxc8 35. Qa5 Rxc4 36. Rb1 h5 37. Rb7+ Ke8 38. Rc7 Nb6 39. Rc6 1-0

[Event "Viljandi Raud Olympic 53rd"]
[Site "Viljandi"]
[Date "2019.07.06"]
[Round "2.1"]
[White "Pedoson, Georg Aleksander"]
[Black "Kanep, Meelis"]
[Result "1/2-1/2"]
[WhiteElo "2121"]
[BlackElo "2432"]
[PlyCount "68"]
[EventDate "2019.07.06"]
[EventType "k.o. (rapid)"]
[EventRounds "5"]
[EventCountry "EST"]
[SourceTitle "CBM 191 Extra"]
[Source "ChessBase"]
[SourceDate "2019.09.30"]
[SourceVersion "1"]
[SourceVersionDate "2019.09.30"]
[SourceQuality "1"]

1. c4 Nf6 2. Nc3 g6 3. g3 Bg7 4. Bg2 0-0 5. e3 c5 6. d4 d6 7. Nge2 Nc6 8. 0-0 e6 9. b3 cxd4 10. exd4 d5 11. Ba3 Re8 12. Rc1 Qa5 13. Bb2 Rd8 14. c5 Qc7 15. a3 Qe7 16. f4 a5 17. Qd2 Bd7 18. h3 Be8 19. Qe3 Rab8 20. Rc2 b6 21. cxb6 Rxb6 22. Na4 Rbb8 23. Rfc1 Na7 24. Nc5 Nb5 25. g4 Nd6 26. Ng3 Nfe4 27. Ngxe4 Nxe4 28. Nxe4 dxe4 29. Bxe4 Qd6 30. Rd2 Qb6 31. Rd3 Bb5 32. Rd2 Be8 33. Rd3 Bb5 34. Rd2 Be8 1/2-1/2

[Event "Baltic zt III Stage"]
[Site "Liepaja"]
[Date "2018.07.10"]
[Round "3"]
[White "Pedoson, Georg Aleksander"]
[Black "Kantans, Toms"]
[Result "0-1"]
[WhiteElo "2176"]
[BlackElo "2529"]
[PlyCount "80"]
[EventDate "2018.07.09"]
[EventType "swiss"]
[EventRounds "9"]
[EventCountry "LAT"]
[SourceTitle "CBM 185 Extra"]
[Source "ChessBase"]
[SourceDate "2018.07.29"]
[SourceVersion "1"]
[SourceVersionDate "2018.07.29"]
[SourceQuality "1"]

1. d4 Nf6 2. c4 e6 3. Nc3 Bb4 4. e3 b6 5. Bd3 Bb7 6. Nf3 Ne4 7. Qc2 f5 8. 0-0 Bxc3 9. bxc3 0-0 10. Ne1 c5 11. f3 Nd6 12. Ba3 Qc7 13. e4 Ba6 14. Qe2 fxe4 15. fxe4 Rxf1+ 16. Qxf1 Nc6 17. Nf3 e5 18. d5 Na5 19. Nxe5 Rf8 20. Qe2 Qd8 21. Bc1 Qe8 22. Nf3 Bxc4 23. e5 Qg6 24. Bxc4 Ndxc4 25. e6 dxe6 26. dxe6 Re8 27. e7 h6 28. Bd2 Nxd2 29. Nxd2 Nc6 30. Rf1 Rxe7 31. Qf3 Kh7 32. h3 Re6 33. Qd1 Re3 34. Rf3 Qd3 35. Rxe3 Qxe3+ 36. Kh1 Qxc3 37. Qb1+ Kh8 38. Ne4 Qe5 39. Qe1 Nd4 40. Qh4 Kh7 0-1

[Event "Baltic zt II Stage"]
[Site "Palanga"]
[Date "2018.06.18"]
[Round "7"]
[White "Seeman, Tarvo"]
[Black "Pedoson, Georg Aleksander"]
[Result "1-0"]
[WhiteElo "2425"]
[BlackElo "2125"]
[PlyCount "59"]
[EventDate "2018.06.14"]
[EventType "swiss"]
[EventRounds "9"]
[EventCountry "LTU"]
[SourceTitle "CBM 184 Extra"]
[Source "ChessBase"]
[SourceDate "2018.06.28"]
[SourceVersion "1"]
[SourceVersionDate "2018.06.28"]
[SourceQuality "1"]

1. Nf3 d5 2. g3 e6 3. Bg2 f5 4. 0-0 Nf6 5. d3 Be7 6. Nc3 c5 7. e4 d4 8. Ne2 Nc6 9. exf5 exf5 10. c3 dxc3 11. bxc3 0-0 12. Nf4 Bd6 13. Ng5 Bxf4 14. Bxf4 Na5 15. Re1 h6 16. Ne6 Bxe6 17. Rxe6 Qd7 18. Rd6 Qe7 19. Qa4 Nh5 20. Bd5+ Kh7 21. Re6 Qd8 22. Bd6 Rf6 23. Rae1 Rc8 24. Bf3 Rc6 25. Bxc6 Nxc6 26. Qc4 b6 27. Qd5 Qc8 28. Be7 Nxe7 29. Rxe7 Qa6 30. R1e6 1-0

[Event "Baltic zt II Stage"]
[Site "Palanga"]
[Date "2018.06.16"]
[Round "4"]
[White "Stremavicius, Titas"]
[Black "Pedoson, Georg Aleksander"]
[Result "1-0"]
[WhiteElo "2444"]
[BlackElo "2125"]
[PlyCount "51"]
[EventDate "2018.06.14"]
[EventType "swiss"]
[EventRounds "9"]
[EventCountry "LTU"]
[SourceTitle "CBM 184 Extra"]
[Source "ChessBase"]
[SourceDate "2018.06.28"]
[SourceVersion "1"]
[SourceVersionDate "2018.06.28"]
[SourceQuality "1"]

1. d4 Nf6 2. c4 g6 3. Nc3 d5 4. Nf3 Bg7 5. Bg5 Ne4 6. cxd5 Nxc3 7. bxc3 Qxd5 8. e3 c5 9. Be2 cxd4 10. cxd4 Nc6 11. 0-0 0-0 12. Bf4 Bf5 13. Qa4 Qa5 14. Qb3 b6 15. Rac1 Rac8 16. Bc4 Bd7 17. Ng5 Nd8 18. a3 e5 19. dxe5 Bxe5 20. Ne4 Bg7 21. Bd6 Rxc4 22. Qxc4 Re8 23. Bb4 Qh5 24. Ng3 Qg5 25. Rfd1 Bb5 26. Qd5 1-0

[Event "Baltic zt II Stage"]
[Site "Palanga"]
[Date "2018.06.15"]
[Round "2"]
[White "Bernotas, Arturs"]
[Black "Pedoson, Georg Aleksander"]
[Result "1/2-1/2"]
[WhiteElo "2407"]
[BlackElo "2125"]
[PlyCount "98"]
[EventDate "2018.06.14"]
[EventType "swiss"]
[EventRounds "9"]
[EventCountry "LTU"]
[SourceTitle "CBM 184 Extra"]
[Source "ChessBase"]
[SourceDate "2018.06.28"]
[SourceVersion "1"]
[SourceVersionDate "2018.06.28"]
[SourceQuality "1"]

1. e4 e5 2. Nf3 Nf6 3. Nxe5 d6 4. Nf3 Nxe4 5. d4 d5 6. Bd3 Be7 7. 0-0 Nc6 8. Re1 Nf6 9. c3 0-0 10. h3 Bd6 11. Nbd2 Re8 12. Nf1 Rxe1 13. Qxe1 Be6 14. Ng3 Qe7 15. Bd2 Re8 16. Qf1 Bxg3 17. fxg3 Ne4 18. Bf4 h6 19. g4 g5 20. Bh2 f6 21. Re1 Bf7 22. Qe2 Qd7 23. Qc2 Bg6 24. Re3 Kg7 25. Qe2 a6 26. a3 b5 27. Qc2 Na5 28. Re1 Nc4 29. b3 Nxa3 30. Qb2 b4 31. cxb4 Nb5 32. Rc1 Re7 33. Qa1 Nd2 34. Bxg6 Nxf3+ 35. gxf3 Kxg6 36. Kf2 Qe6 37. Qb1+ Kg7 38. Qd3 Qb6 39. Rd1 Qc6 40. Bg3 Qe8 41. Rc1 c6 42. h4 gxh4 43. Bxh4 Qb8 44. Kg2 Re6 45. Bf2 Qe8 46. Rh1 Re2 47. Qf5 Qe3 48. Qd7+ Kg6 49. Qf5+ Kg7 1/2-1/2

[Event "EST-ch U20"]
[Site "Tallinn"]
[Date "2018.04.28"]
[Round "5"]
[White "Pedoson, Georg Aleksander"]
[Black "Chukavin, Kirill"]
[Result "1-0"]
[WhiteElo "2163"]
[BlackElo "2289"]
[PlyCount "89"]
[EventDate "2018.04.25"]
[EventType "swiss"]
[EventRounds "9"]
[EventCountry "EST"]
[SourceTitle "CBM 184 Extra"]
[Source "ChessBase"]
[SourceDate "2018.06.28"]
[SourceVersion "1"]
[SourceVersionDate "2018.06.28"]
[SourceQuality "1"]

1. c4 Nf6 2. Nc3 c6 3. Nf3 d5 4. e3 e6 5. d4 Nbd7 6. Bd3 dxc4 7. Bxc4 b5 8. Bd3 Bd6 9. 0-0 0-0 10. e4 e5 11. d5 cxd5 12. Nxd5 Nxd5 13. exd5 a6 14. Qc2 Nf6 15. Re1 Re8 16. Bg5 h6 17. Bh4 Bg4 18. Rad1 Bxf3 19. gxf3 Rc8 20. Qb3 g5 21. Bg3 Nd7 22. Bf5 Rc7 23. Kg2 h5 24. h3 Qf6 25. Qd3 Nc5 26. Qb1 Kg7 27. Rg1 h4 28. Bh2 Na4 29. Rd2 Nb6 30. Kh1 Kh6 31. Rg4 Rc5 32. Be4 Rec8 33. Rd1 Nc4 34. Qc1 Nb6 35. Rxh4+ Kg7 36. Rh7+ Kf8 37. Qe3 Ke7 38. b4 Rc3 39. Qxb6 Rxf3 40. Kg2 Ra3 41. Rd3 Rxd3 42. Bxd3 Rc3 43. Qa7+ Kf8 44. Qa8+ Ke7 45. Rh8 1-0

[Event "Keres Memorial rap 27th"]
[Site "Tallinn"]
[Date "2018.01.13"]
[Round "2"]
[White "Pedoson, Georg Aleksander"]
[Black "Chigaev, Maksim"]
[Result "0-1"]
[WhiteElo "2171"]
[BlackElo "2546"]
[PlyCount "78"]
[EventDate "2018.01.13"]
[EventType "swiss (rapid)"]
[EventRounds "11"]
[EventCountry "EST"]
[SourceTitle "CBM 182 Extra"]
[Source "ChessBase"]
[SourceDate "2018.02.23"]
[SourceVersion "1"]
[SourceVersionDate "2018.02.23"]
[SourceQuality "1"]

1. d4 Nf6 2. Nf3 g6 3. c4 Bg7 4. Nc3 0-0 5. e4 d6 6. h3 e5 7. d5 Nh5 8. g3 Na6 9. Bg2 Nc5 10. b4 Nd7 11. Rb1 a5 12. a3 axb4 13. axb4 h6 14. 0-0 f5 15. Nh4 Nf4 16. Bxf4 exf4 17. Ne2 Ne5 18. gxf4 Qxh4 19. fxe5 Bxe5 20. f4 Bg7 21. exf5 Bxf5 22. Rb3 Ra1 23. Qd2 Rfa8 24. Rxa1 Rxa1+ 25. Kh2 Qe1 26. Qxe1 Rxe1 27. Ng3 Bc2 28. Ra3 Bd4 29. h4 h5 30. Ra8+ Kg7 31. Rc8 Re7 32. Bh3 Be3 33. Be6 Bxf4 34. Kg2 Kf6 35. Ne2 Bh6 36. Kf3 Ke5 37. Nc3 Bd3 38. Nb5 c6 39. dxc6 bxc6 0-1

[Event "EU-ch U14 27th"]
[Site "Mamaia"]
[Date "2017.09.11"]
[Round "6"]
[White "Pedoson, Georg Aleksander"]
[Black "Papunidi, Matvey"]
[Result "0-1"]
[WhiteElo "2021"]
[BlackElo "1882"]
[PlyCount "50"]
[EventDate "2017.09.05"]
[EventType "swiss"]
[EventRounds "9"]
[EventCountry "ROU"]
[SourceTitle "CBM 180 Extra"]
[Source "ChessBase"]
[SourceDate "2017.10.06"]
[SourceVersion "1"]
[SourceVersionDate "2017.10.06"]
[SourceQuality "1"]

1. d4 d5 2. c4 c6 3. Nf3 e6 4. e3 f5 5. Be2 Nf6 6. 0-0 Bd6 7. b3 Qe7 8. Bb2 0-0 9. Ne5 Nbd7 10. Nd2 Ne4 11. f4 Nxd2 12. Qxd2 Nxe5 13. fxe5 Bb4 14. Qc2 Bd7 15. a3 Ba5 16. Rf3 Be8 17. Rh3 g5 18. g4 Bg6 19. Bd3 fxg4 20. Rg3 Bxd3 21. Qxd3 Qd7 22. Rf1 Rxf1+ 23. Qxf1 Rf8 24. Qe2 h5 25. h3 Qh7 0-1

[Event "EU-chT U18"]
[Site "Rymanow Zdroj"]
[Date "2017.08.24"]
[Round "7.8"]
[White "Chyzy, Jakub"]
[Black "Pedoson, Georg Aleksander"]
[Result "1-0"]
[WhiteElo "2174"]
[BlackElo "2036"]
[PlyCount "117"]
[EventDate "2017.08.17"]
[EventType "team-swiss"]
[EventRounds "7"]
[EventCountry "POL"]
[SourceTitle "CBM 180 Extra"]
[Source "ChessBase"]
[SourceDate "2017.10.06"]
[SourceVersion "1"]
[SourceVersionDate "2017.10.06"]
[SourceQuality "1"]
[WhiteTeam "Poland U18 II"]
[BlackTeam "Estonia U18"]
[WhiteTeamCountry "POL"]
[BlackTeamCountry "EST"]

1. e4 c6 2. d4 d5 3. e5 Bf5 4. Nf3 e6 5. a3 Nd7 6. Be2 c5 7. 0-0 Ne7 8. dxc5 Nc6 9. b4 Ndxe5 10. Nxe5 Nxe5 11. Bb2 Nc6 12. Nd2 Be7 13. Nf3 0-0 14. c4 dxc4 15. Bxc4 Qc7 16. Qe2 Rad8 17. Rfd1 Qf4 18. g3 Qg4 19. Ne5 Nxe5 20. Bxe5 Qxe2 21. Bxe2 Be4 22. f4 Bd5 23. Kf2 f6 24. Bc3 Kf7 25. Bf3 Bxf3 26. Kxf3 h5 27. h3 Rg8 28. Rxd8 Rxd8 29. Ke2 Rg8 30. Rd1 Ke8 31. h4 g5 32. hxg5 fxg5 33. Be5 h4 34. fxg5 hxg3 35. Bxg3 Rxg5 36. Bf4 Rg2+ 37. Kf3 Rb2 38. Ke4 a5 39. Bd2 Ra2 40. bxa5 Bxc5 41. Bb4 Bxb4 42. axb4 Re2+ 43. Kd3 Re5 44. Kc4 Ke7 45. b5 Rd5 46. Ra1 Rd8 47. Kc5 e5 48. Kb6 Rd7 49. a6 bxa6 50. bxa6 Rd6+ 51. Kc5 Rd8 52. a7 Ra8 53. Kb6 Kd6 54. Rd1+ Ke6 55. Kb7 Rh8 56. a8Q Rxa8 57. Kxa8 e4 58. Kb7 Ke5 59. Kc6 1-0